| 000 | 00349cam a22001217a 4500 | ||
|---|---|---|---|
| 008 | 180718b1985 xxu||||| |||| 00| 0 eng d | ||
| 082 | _aT426x54 R18 | ||
| 100 | _aRao, M. Kutumba | ||
| 245 |
_aManagement of central co-operative banks _cby M. Kutumba Rao |
||
| 260 |
_aNew Delhi _bAshish _c1985 |
||
| 300 | _a244p. | ||
| 650 | _aCooperative banks - India | ||
| 999 |
_c352317 _d352317 |
||